000 00762nam0a22002651 4500
001 RU\NLR\INFOCOMM6\ROSSICA\1000348209
005 20250613191838.0
035 _a(NLR Aleph) 009941999
090 _a10763942
_c10763942
100 _a20030410d1843 |||y0rusy50 ca
101 0 _afre
102 _aRU
105 _ay ||||000ay
200 1 _aNotice sur le mari russe de Thamar, reine de Géorgie
_fM.Brosset
210 _aSt.Pétersbourg
_d1843
215 _d
600 0 _aТамара
_cцарица Грузии
_fок. сер. 60-х гг. 12 в.-1207
_2PSBO
700 1 _aBrosset
_bM.
_4070
801 1 _aRU
_bInfoComm
_c20030410
801 0 _aRU
_bNLR
_gPSBO
852 _aNLR
_j13.3.2.24
942 _cBOOK
980 _aNB
980 _aRossica